Movies Quiz

Random Movies or Actor Quiz

Movie Cast Match (1985) Quiz Stats

 Plays Quiz Updated Jun 8, 2017

Support Sporcle.
Go Orange.
Score 0/40 Timer 08:00
3 Plays Today
% Correct
Back to the Future
89.4%
The Color Purple
85.7%
Mad Max Beyond Thunderdome
85%
The Breakfast Club
84.4%
Rocky IV
83.7%
Rambo: First Blood Part II
81.5%
European Vacation
79.9%
The Jewel of the Nile
79.3%
Witness
78.3%
Mask
77.4%
Desperately Seeking Susan
77.4%
Police Academy 2: Their First Assignment
77.3%
Out of Africa
76.8%
St. Elmo's Fire
76%
Weird Science
75.1%
A View to a Kill
74.6%
Teen Wolf
74.2%
A Nightmare on Elm Street Part 2: Freddy's Revenge
73.8%
Pee-wee's Big Adventure
73.5%
Cocoon
72.5%
% Correct
Commando
72%
Brewster's Millions
69.8%
The Goonies
69.8%
Fletch
68%
Prizzi's Honor
67.1%
Red Sonja
65.5%
Pale Rider
62.7%
The Black Cauldron
61.7%
Clue
61.6%
Spies Like Us
60.3%
Girls Just Want to Have Fun
58.1%
Legend
54.4%
Volunteers
53.7%
The Purple Rose of Cairo
52%
Ladyhawke
50.8%
Summer Rental
50.7%
Better Off Dead…
49.7%
Silverado
49.6%
A Room with a View
49.5%
Enemy Mine
47.3%

You're not logged in!

Compare scores with friends on all Sporcle quizzes.
OR
Log In
Forgot?

From the Vault

Russian Speaking Countries

by Quartz

If these countries could talk, you'd have to know Russian to understand them.
Remove Ads.
Support Sporcle.
Get the best of Sporcle when you Go Orange. This ad-free experience offers more features, more stats, and more fun while also helping to support Sporcle. Thank you for becoming a member.

Show Comments

Extras

Top Quizzes Today


Score Distribution

Your Account Isn't Verified!

In order to create a playlist on Sporcle, you need to verify the email address you used during registration. Go to your Sporcle Settings to finish the process.

Report this User

Report this user for behavior that violates our Community Guidelines.

Details: